<?xml version="1.0" encoding="UTF-8"?>
<collection xmlns="http://www.loc.gov/MARC21/slim">
  <record>
    <leader>00000nam  2200000   4500</leader>
    <controlfield tag="001">INLIS000000000002052</controlfield>
    <controlfield tag="005">20241115122508</controlfield>
    <datafield tag="035" ind1="#" ind2="#">
      <subfield code="a">0010-0122000727</subfield>
    </datafield>
    <datafield tag="245" ind1="1" ind2="#">
      <subfield code="a">Kaukah Takdir Jodohku? /</subfield>
      <subfield code="c">Muhammad Syafi'ie el-Bantanie; @Tazkiya_Nafs</subfield>
    </datafield>
    <datafield tag="100" ind1="1" ind2="#">
      <subfield code="a">EL-BANTANIE, Muhammad Syafi'ie</subfield>
    </datafield>
    <datafield tag="250" ind1="#" ind2="#">
      <subfield code="a">Cetakan Pertama</subfield>
    </datafield>
    <datafield tag="300" ind1="#" ind2="#">
      <subfield code="a">xii, 136 halaman :</subfield>
      <subfield code="b">gambar ;</subfield>
      <subfield code="c">14x21 cm</subfield>
    </datafield>
    <datafield tag="856" ind1="#" ind2="#">
      <subfield code="a">OPAC (Rak Tandon - Rak 16)</subfield>
    </datafield>
    <datafield tag="260" ind1="#" ind2="#">
      <subfield code="a">Jakarta :</subfield>
      <subfield code="b">Elex Media Komputindo,</subfield>
      <subfield code="c">2015</subfield>
    </datafield>
    <datafield tag="082" ind1="#" ind2="#">
      <subfield code="a">813</subfield>
    </datafield>
    <datafield tag="084" ind1="#" ind2="#">
      <subfield code="a">813 ELB k</subfield>
    </datafield>
    <datafield tag="020" ind1="#" ind2="#">
      <subfield code="a">978-602-02-7767-7</subfield>
    </datafield>
    <datafield tag="650" ind1="#" ind2="4">
      <subfield code="a">Fiksi Indonesia</subfield>
    </datafield>
    <datafield tag="650" ind1="#" ind2="4">
      <subfield code="a">Pembelian 2015</subfield>
    </datafield>
    <datafield tag="500" ind1="#" ind2="#">
      <subfield code="a">Bicara jodoh selalu menarik untuk dibahas, karena setiap orang pasti mendambakan berjodoh alias berpasangan. mana ada orang yang mau menjomblo sampai mati. pastinya tidak ada. Saya pun sering menerima curhatan dari pembaca buku saya seputar jodoh. sebagian dari mereka curhat ke saya bagaimana caranya supaya segera dapat jodoh karena usia mereka sudah memasuki kepala tiga. Buku ini mengajak untuk meniti jalan sunah dalam menjemput jodoh. Jalan menjemput jodoh dengan menjaga kesucian dan kehormatan diri. Jalanyang menjaga keluruhan dan kemurnian cinta. Jalan menjemput jodoh yang telah dicontohkan oleh Rasulullah SAW. Jalan yang insya Allah akan mengantarmu pada jodoh terbaik. Jalan yang Insya Allah akan mengantarmu pada jodoh terbaik. Jalan yang Insya Allah akan mengantarmu pada cinta yang dirahmati dan diridhai Allah. Jalan yang Insya Allah akan membawamu pada rumah tangga sakinah, mawaddah dan rahmah.</subfield>
    </datafield>
    <controlfield tag="008">241115################g##########m#ind##</controlfield>
    <datafield tag="700" ind1=" " ind2="#">
      <subfield code="a">TAZKIYA NAFS</subfield>
    </datafield>
    <datafield tag="990" ind1="#" ind2="#">
      <subfield code="a">504/P-15</subfield>
    </datafield>
    <datafield tag="990" ind1="#" ind2="#">
      <subfield code="a">369/P-15</subfield>
    </datafield>
    <datafield tag="990" ind1="#" ind2="#">
      <subfield code="a">503/P-15</subfield>
    </datafield>
  </record>
</collection>
